Chuyển đến nội dung
Inicio
Centros participantes
Catálogo
Servicios
Contacto
Đăng nhập
English
Deutsch
Español
Français
Italiano
日本語
Nederlands
Português
Português (Brasil)
中文(简体)
中文(繁體)
Türkçe
עברית
Gaeilge
Cymraeg
Ελληνικά
Català
Euskara
Русский
Čeština
Suomi
Svenska
polski
Dansk
slovenščina
اللغة العربية
বাংলা
Galego
Tiếng Việt
Hrvatski
हिंदी
Հայերէն
Українська
Sámegiella
Ngôn ngữ
Tất cả các trường
Tiêu đề
Tác giả
Chủ đề
Số hiệu
số ISBN/ISSN
Nhãn
Tìm kiếm
Nâng cao
La familia
Trích dẫn điều này
Email này
In
Xuất bản ghi
Xuất tới RefWorks
Xuất tới EndNoteWeb
Xuất tới EndNote
Lưu vào danh sách
Liên kết dài hạn
Agregar primera valuación
La familia
Đã lưu trong:
Chi tiết về thư mục
Tác giả chính:
Hoffmaister Tores, Willy
Định dạng:
Texto
Được phát hành:
San José:
OFIPLAN
Các nhãn:
Thêm thẻ
Không có thẻ, Là người đầu tiên thẻ bản ghi này!
Đang giữ
Miêu tả
Những bình luận
Những quyển sách tương tự
Chế độ xem nhân viên
MARC
LEADER
00000 a a2200000 04500
001
17072
003
040
090
|a
008000
100
|a
Hoffmaister Tores, Willy
245
|a
La familia
260
|a
San José:
|b
OFIPLAN
300
|a
16 p.
999
|c
493
|d
493
Những quyển sách tương tự
Catálogo especial de la República de Costa Rica
Invitación a meditar sobre el futuro de Costa Rica. Discurso inaugural del Lic. Daniel Oduber Quirós, Presidente de la República
Bằng: Oduber Quirós, Daniel
Conflictos militares y políticos de Costa Rica
Bằng: Obregón Loría, Rafael
Futuro socioeconómico y político de Costa Rica
Bằng: Arias Sánchez, Oscar
Recursos naturales
Bằng: Dengo Obregón, Jorge Manuel